000 00586nam a2200205Ia 4500
005 20240803084658.0
008 131103s9999 xx 000 0 und d
020 _a8185579652
_cRs.1150
040 _aLoreto College
041 _aEnglish
082 _a915.4
_bMAN
100 _aMandal, Hrisikesh
245 _aIndia
_b An illustrated atlas of tribal World
_cHrisikesh Mandal, Sumit Mukherjee & Archana Datta
260 _aCalcutta
_bAnthopological Survey of India
_c2002
300 _aiii,106p..
650 _aHistory
651 _aTribal World
850 _aLCLIB
942 _cBK
999 _c23145
_d73624